Eurovision Song Contest 2023 - Semi-Final 2 Results - Statistics

General Stats
  • This quiz has been taken 23 times
  • The average score is 15 of 16
Answer Stats
Answer % Correct
Australia 960px-Flag_of_Australia.svg.png?20190118170740
100%
Austria 960px-Flag_of_Austria.svg.png
100%
Belgium 960px-Flag_of_Belgium.svg.png
100%
Romania 960px-Flag_of_Romania.svg.png
100%
Estonia 960px-Flag_of_Estonia.svg.png
92%
Georgia 960px-Flag_of_Georgia.svg.png
92%
Greece 960px-Flag_of_Greece.svg.png
92%
Lithuania 960px-Flag_of_Lithuania.svg.png
92%
Poland 960px-Flag_of_Poland.svg.png?20231119024730
92%
San Marino 960px-Flag_of_San_Marino.svg.png
92%
Slovenia 960px-Flag_of_Slovenia.svg.png
92%
Armenia 960px-Flag_of_Armenia.svg.png
83%
Cyprus 960px-Flag_of_Cyprus.svg.png
83%
Denmark 960px-Flag_of_Denmark.svg.png
83%
Iceland 960px-Flag_of_Iceland.svg.png
83%
Albania 960px-Flag_of_Albania.svg.png
75%
No matching quizzes found
Score Distribution
Percent of People with Each Score
Percentile by Number Answered
Your Score History
You have not taken this quiz